000
00454nam a2200169Ia 4500
008
090124s9999 xx 000 0 und d
082
_b
111102
100
_a
बांगरे बलराम्
245
_a
अपंगा
250
_a
1
260
_c
1965
600
_a
बांगरे बलराम्
630
_a
अपंगा
700
_a
बांगरे बलराम्
730
_a
अपंगा
942
_c
BOOK
999
_c
157193
_d
157193